000 003220000a22001450004500
003 MACL
040 _aMACL
090 _c8909
_d8908
100 _amishra, Dr Kailash Pati
245 _aAesthetic Philosophy of Abhinavagupta
260 _bKala Prakashan
_c2006
350 _a400
650 _aPhilosophy
942 _cBOOK
_k100
999 _c8854
_d8854